000 00294nam a22001217a 4500
008 181121b xxu||||| |||| 00| 0 eng d
041 _aeng
080 _a610.73
100 _a2
101 _aINF
245 _aAACN'S CLINICAL REFERENCE FOR CRITICAL CARE NURSING
_cKinney,M.R
942 _2udc
_cBK
999 _c52294
_d52294